Thủ thỉ với người chưa quen : (Những bức thư tư vấn tâm lý)

Quyển sách trình bày nội dung trò chuyện của các thính giả tuy tuổi, nghề nghiệp, trình độ học vấn khác nhau nhưng tất cả họ cùng gặp nhau ở sự tự nguyện chân thành, ở niềm tin rất lớn lao dành cho các chuyên viên tư vấn tâm lý và ở kh...

وصف كامل

محفوظ في:
التفاصيل البيبلوغرافية
المؤلف الرئيسي: Lý, Thị Mai
التنسيق: كتاب
اللغة:Undetermined
منشور في: Hà Nội Thanh niên 2006
الموضوعات:
الوسوم: إضافة وسم
لا توجد وسوم, كن أول من يضع وسما على هذه التسجيلة!
Thư viện lưu trữ: Trung tâm Học liệu Trường Đại học Cần Thơ
LEADER 01116nam a2200229Ia 4500
001 CTU_106868
008 210402s9999 xx 000 0 und d
020 |c 25000 
082 |a 155.6 
082 |b M103 
100 |a Lý, Thị Mai 
245 0 |a Thủ thỉ với người chưa quen : 
245 0 |b (Những bức thư tư vấn tâm lý) 
245 0 |c Lý Thị Mai 
260 |a Hà Nội 
260 |b Thanh niên 
260 |c 2006 
520 |a Quyển sách trình bày nội dung trò chuyện của các thính giả tuy tuổi, nghề nghiệp, trình độ học vấn khác nhau nhưng tất cả họ cùng gặp nhau ở sự tự nguyện chân thành, ở niềm tin rất lớn lao dành cho các chuyên viên tư vấn tâm lý và ở khát khao chờ đợi một giải pháp mang tính khả thi để họ vượt qua cơn khủng hoảng nhất thời,... 
650 |a Youth 
650 |x Spychology 
904 |i Năm 
980 |a Trung tâm Học liệu Trường Đại học Cần Thơ